000 00299nam a2200133Ia 4500
008 191201s2010 xx 000 0 und d
100 _aLALL, Madhurima
245 0 _aEntrepreneurship
250 _aRep
260 _c2010
_bExcel Books
_aN. Delhi
300 _a425
650 _aMBA
942 _2ddc
_cBB
999 _c7328
_d7328